[Event "Eurasia Cup op"]
[Site "Ekaterinburg"]
[Date "2019.08.05"]
[Round "5"]
[White "Sargsyan, Alina"]
[Black "Godov, Oleg"]
[Result "0-1"]
[WhiteElo "1298"]
[BlackElo "1838"]
[PlyCount "40"]
[EventDate "2019.07.31"]
[EventType "swiss"]
[EventRounds "9"]
[EventCountry "RUS"]
[SourceTitle "CBM 191 Extra"]
[Source "ChessBase"]
[SourceDate "2019.09.30"]
[SourceVersion "1"]
[SourceVersionDate "2019.09.30"]
[SourceQuality "1"]

1. d4 Nf6 2. c4 g6 3. Nc3 Bg7 4. Bg5 d6 5. e4 0-0 6. Qd2 Na6 7. Bh6 c5 8. d5 Nc7 9. Bxg7 Kxg7 10. h3 Rb8 11. f4 e6 12. g4 exd5 13. cxd5 Re8 14. Bg2 b5 15. 0-0-0 b4 16. g5 Ng8 17. Nce2 Nb5 18. h4 Bg4 19. Nh3 Qa5 20. Kb1 Nc3+ 0-1

[Event "Eurasia Cup op"]
[Site "Ekaterinburg"]
[Date "2019.08.01"]
[Round "2"]
[White "Dilmukhametov, Artur"]
[Black "Godov, Oleg"]
[Result "1-0"]
[WhiteElo "2346"]
[BlackElo "1974"]
[PlyCount "73"]
[EventDate "2019.07.31"]
[EventType "swiss"]
[EventRounds "9"]
[EventCountry "RUS"]
[SourceTitle "CBM 191 Extra"]
[Source "ChessBase"]
[SourceDate "2019.09.30"]
[SourceVersion "1"]
[SourceVersionDate "2019.09.30"]
[SourceQuality "1"]

1. e4 c5 2. Nf3 d6 3. Bb5+ Bd7 4. Bxd7+ Qxd7 5. 0-0 Nc6 6. c3 Nf6 7. d4 cxd4 8. cxd4 g6 9. Nc3 Bg7 10. e5 dxe5 11. d5 e4 12. dxc6 Qxd1 13. Rxd1 exf3 14. cxb7 Rb8 15. gxf3 Rxb7 16. Be3 0-0 17. b3 Nd7 18. Rac1 Ne5 19. Kg2 f5 20. Nd5 Kf7 21. h3 e6 22. Rc7+ Rxc7 23. Nxc7 Rc8 24. Nb5 Rc2 25. f4 Nc6 26. Rd7+ Kg8 27. a3 a6 28. Nc7 Bd4 29. Bxd4 Nxd4 30. b4 Ne2 31. Nxe6 Rc6 32. Nd4 Nxd4 33. Rxd4 Rc3 34. a4 Ra3 35. a5 Rb3 36. Rd8+ Kf7 37. Rd6 1-0